Politický systém a náboženská sloboda podľa islamského náboženstva /
Uložené v:
| Hlavný autor: | |
|---|---|
| Médium: | Kniha |
| Jazyk: | Slovak |
| Vydané: |
[Bratislava] :
Alja,
2011.
|
| Vydanie: | 1. vyd. |
| Témy: | |
| ISBN: |
9788096996711 (brož.) |
| Fyzický popis: |
78 s. ; 21 cm. |
| Tagy: |
Pridať tag
Žiadne tagy, Buďte prvý kto otaguje tento záznam!
|
Titul je dostupný aj v ... 

MARC
| LEADER | 00000nam a22000005a 4500 | ||
|---|---|---|---|
| 001 | 000419607 | ||
| 005 | 20140207123920.0 | ||
| 008 | 120123s2011 xo e 000 0 slo d | ||
| 020 | |a 9788096996711 (brož.) | ||
| 040 | |a SVKKK |b slo |c SVKKK |e AACR2 | ||
| 041 | 0 | |a slo | |
| 044 | |a xo |c SK | ||
| 072 | 7 | |a 342 |x Ústavné právo. Správne právo |2 konspekt | |
| 080 | |a 342.5 |2 2001 | ||
| 080 | |a 342.731 |2 2001 | ||
| 080 | |a 28 |2 2001 | ||
| 080 | |a (048.8) |2 2001 | ||
| 100 | 1 | |a Al-Sbenaty, Abdulwahab | |
| 245 | 1 | 0 | |a Politický systém a náboženská sloboda podľa islamského náboženstva / |c Abdulwahab Al-Sbenaty. |
| 250 | |a 1. vyd. | ||
| 260 | |a [Bratislava] : |b Alja, |c 2011. | ||
| 300 | |a 78 s. ; |c 21 cm. | ||
| 500 | |a Poznámky | ||
| 504 | |a Bibliografia: s. [82-83] | ||
| 650 | 0 | 7 | |a politický systém |2 SVKKKPH |
| 650 | 0 | 7 | |a náboženská sloboda |2 SVKKKPH |
| 650 | 0 | 7 | |a islam |2 SVKKKPH |
| 655 | 7 | |a štúdie |2 SVKKKPH | |
| 910 | |a svkkk | ||
| 919 | |a 978-80-969967-1-1 | ||
| 998 | |a BK | ||
| 090 | |g SCKHL |k Sklad Hlavná 10 prízemie |a III.227369 |j 1049042 |i 2720291291 |s Absenčne | ||